| 000 | 01073cam a22003014a 4500 | ||
|---|---|---|---|
| 001 | 13361452 | ||
| 003 | OSt | ||
| 005 | 20140310182035.0 | ||
| 008 | 031003s2004 cou b 000 0beng | ||
| 010 | _a 2003022060 | ||
| 020 | _a9780345405715 | ||
| 040 |
_aDLC _cDLC _dDLC |
||
| 042 | _apcc | ||
| 050 | 0 | 0 |
_aBX 4406.5 _b.V291 1995 |
| 082 | 0 | 0 |
_aHS 291 _bV42 1995 |
| 100 | 1 |
_aLucinda Vardey. _91316 |
|
| 245 | 1 | 0 |
_a Mother Teresa / _cLucinda Vardey. |
| 260 |
_aQuezon City : _bNavigators Ministries, _cc2006. |
||
| 300 |
_a202 p. ; _c22 cm. |
||
| 520 | _a1. Teresa, Mother, 1910.--Missionaries of charity.--Biography.--I. Title. | ||
| 600 | 0 | 0 |
_aTeresa, _cMother, _d1910-1997. _91317 |
| 610 | 2 | 0 |
_aMissionaries of Charity _vBiography. _91318 |
| 856 | 4 | 1 |
_3Table of contents _uhttp://www.loc.gov/catdir/toc/ecip049/2003022060.html |
| 906 |
_a7 _bcbc _corignew _d1 _eecip _f20 _gy-gencatlg |
||
| 942 |
_2lcc _cHS |
||
| 999 |
_c8657 _d8657 |
||